000
00334nam a2200145Ia 4500
008
191201s2010 xx 000 0 und d
082
_a
658.0954
_b
MUB
100
_a
MUSTAFA,A
245
0
_a
Business Environment and law
250
_a
1st.
260
_a
N.Delhi
_b
AITBS Pub.
_c
2010
300
_a
524
650
_a
BBA
942
_2
ddc
_c
BK
999
_c
4844
_d
4844